Amanti criminali /
Enregistré dans:
| Autres auteurs: | , , , , |
|---|---|
| Format: | |
| Langue: | italien français |
| Publié: |
[Campi Bisenzio] :
Dolmen home video,
[2004]
|
| Édition: | Collector's ed |
| Tags: |
Pas de tags, Soyez le premier à ajouter un tag!
|
MARC
| LEADER | 00000ngm a22000007ia4500 | ||
|---|---|---|---|
| 001 | IT\ICCU\RAV\1232407 | ||
| 003 | ItRI | ||
| 005 | 20260124182900.0 | ||
| 008 | 040722s2004 it |||||||||||||||k|||||c | ||
| 024 | 3 | 1 | |a 8030645080145 |
| 028 | 4 | 2 | |a PNV8014 |
| 028 | 4 | 2 | |a PSV8014 |
| 040 | |b ita | ||
| 041 | 7 | |a ita |a fre |2 ISO-639-2 | |
| 082 | |a 791.43 |9 CINEMA |2 19 | ||
| 130 | 4 | |a Les amants criminels <film ; 1999> |3 IT\ICCU\RAV\1232429 | |
| 245 | 0 | 0 | |a Amanti criminali / |c un film di François Ozon ; musica: Philippe Rombi. |
| 250 | |a Collector's ed | ||
| 260 | |a [Campi Bisenzio] : |b Dolmen home video, |c [2004] | ||
| 300 | |a 2 DVD-Video (90 min) : |b color., sonoro | ||
| 500 | |a Caratteristiche tecniche: area 2; video 1.85:1, anamorfico, 16:9; audio Dolby digital 2.0 | ||
| 500 | |a Titolo del contenitore | ||
| 500 | |a Film del 1999, produzione Francia | ||
| 500 | |a Interpreti: Natacha Régnier, Jérémie Rénier, Miki Manojlovic | ||
| 500 | |a Lingue: italiano, francese; sottotitoli: italiano | ||
| 500 | |a Data del catalogo editoriale | ||
| 500 | |a Contenuti extra: trailer originale, album fotografico, filmografia del regista e degli interpreti; contiene anche i cortometraggi: Bed Scenes (25 min.), Little Death (26 min.) e X2000 (8 min.) | ||
| 500 | |a Vietato ai minori di 14 anni. | ||
| 700 | 1 | |a Manojlovic, Miki |0 IT\ICCU\MILV\233962 | |
| 700 | 1 | |a Ozon, François |0 IT\ICCU\MILV\258665 | |
| 700 | 1 | |a Rombi, Philippe |0 IT\ICCU\RAVV\389784 | |
| 700 | 1 | |a Regnier, Natacha |0 IT\ICCU\UBOV\486274 | |
| 700 | 1 | |a Renier, Jérémie |0 IT\ICCU\UBOV\494062 | |
| 942 | |2 ddc |c VM |n 0 | ||
| 952 | |0 0 |1 0 |4 0 |6 VO_1021_000000000000000 |7 0 |9 27496 |a BO |b BO |d 2026-01-24 |i 8248 |l 0 |o VO 1021 |p BO8248 |r 2026-01-24 18:29:00 |w 2026-01-24 |x [Sebina 5] [1 dvd] |y VM |z 1 dvd | ||
| 952 | |0 0 |1 0 |4 0 |6 VO_1145_000000000000000 |7 0 |9 27497 |a BO |b BO |d 2026-01-24 |i 9286 |l 0 |o VO 1145 |p BO9286 |r 2026-01-24 18:29:00 |w 2026-01-24 |x [Sebina 5] [1 videocassetta] |y VM |z 1 videocassetta | ||
| 999 | |c 23291 |d 23291 | ||